| 000 | 03326cgm a2200685Ka 4500 | ||
|---|---|---|---|
| 001 | ocn505875365 | ||
| 003 | OCoLC | ||
| 005 | 20241220124743.0 | ||
| 008 | 100210s2010 cau089 vleng d | ||
| 007 | vd cvaizq | ||
| 040 |
_aTEFMT _cTEFMT _dTEF _dTEFMT _dUINTA |
||
| 019 | _a506500250 | ||
| 024 | 1 | _a024543660101 | |
| 024 | 1 | _a024543660118 | |
| 028 | 4 | 2 |
_a2266010 _b20th Century Fox Home Entertainment |
| 035 |
_a(OCoLC)505875365 _z(OCoLC)506500250 |
||
| 037 |
_bMidwest Tape _nhttp://www.midwesttapes.com |
||
| 041 | 1 |
_aeng _afre _aspa _jspa _jeng _heng |
|
| 043 | _an-us--- | ||
| 050 | 1 | 4 |
_aPN1997.2 _b.A48 2010 |
| 082 | 0 | 4 |
_a791.43/72 _222 |
| 049 | _aUCLB | ||
| 092 | _a791.437 | ||
| 130 | 0 |
_aAlvin and the Chipmunks, the squeakquel (Motion picture) _96205028 |
|
| 245 | 1 | 0 |
_aAlvin and the Chipmunks _h[videorecording] : _bthe squeakquel. |
| 246 | 3 |
_aAlvin and the Chipmunks 2: _bthe squeakquel |
|
| 246 | 3 | _aAlvin and the Chipmunks: the squeakquel | |
| 260 |
_aBeverly Hills, Calif. : _b20th Century Fox Home Entertainment, _c[2010] |
||
| 300 |
_a1 videodisc (89 min.) : _bsd., col. ; _c4 3/4 in. |
||
| 538 | _aDVD, widescreen (1.85:1) presentation; Dolby Digital 5.1 surround, Dolby Digital surround. | ||
| 546 | _aEnglish (Dolby 5.1), dubbed French (Dolby surround) or dubbed Spanish (Dolby surround) dialogue, Spanish subtitles; English subtitles for the deaf and hard of hearing; closed-captioned. | ||
| 500 | _aTitle from container. | ||
| 511 | 1 | _aJason Lee, Zach Levi, David Cross, Justin Long, Anna Faris, Amy Poehler, Christina Applegate, Jesse McCartney. | |
| 500 | _aOriginally released as a motion picture in 2009. | ||
| 521 | 8 | _aMPAA rating: PG; for some mild rude humor. | |
| 520 | _aChipmunk singing sensations Alvin, Simon, and Theodore are back for an encore in this hilarious 'squeakquel' packed with more action and more nutty fun for the whole family. When a concert mishap lands Dave in the hospital, the Chipmunks take a break from superstardom and enroll in school to fit in with kids their age. But they soon face some stiff competition when they meet the Chipettes, a beautiful, talented trio of chipmunks. | ||
| 500 | _aSpecial features: Munk music machine; Music mania. | ||
| 650 | 0 |
_aChipmunks _zUnited States _vDrama. _96511767 |
|
| 650 | 0 |
_aHuman-animal relationships _zUnited States _vDrama. _96401755 |
|
| 650 | 0 |
_aHospital patients _zUnited States _vDrama. _95763948 |
|
| 650 | 0 |
_aCompetition (Psychology) _vDrama. _95730093 |
|
| 650 | 7 |
_aAccidentes _zEstados Unidos _vTeatro. _2bidex _96510118 |
|
| 650 | 7 |
_aRelaciones hombre-mujer _zEstados Unidos _vTeatro. _2bidex _96432030 |
|
| 655 | 0 |
_aComedy films. _96205033 |
|
| 655 | 0 |
_aAnimated films. _96205034 |
|
| 655 | 0 |
_aVideo recordings for the hearing impaired. _96205035 |
|
| 655 | 0 |
_aFeature films. _96205036 |
|
| 700 | 1 |
_aLee, Jason, _d1970- _95804830 |
|
| 700 | 1 |
_aLevi, Zachary, _d1980- _974173 |
|
| 700 | 1 |
_aCross, David, _d1964- _977114 |
|
| 700 | 1 |
_aLong, Justin, _d1978- _967869 |
|
| 700 | 1 |
_aFaris, Anna, _d1976- _970305 |
|
| 700 | 1 |
_aPoehler, Amy, _d1971- _971219 |
|
| 700 | 1 |
_aApplegate, Christina, _d1971- _967367 |
|
| 700 | 1 |
_aMcCartney, Jesse, _d1987- _970464 |
|
| 710 | 2 |
_aTwentieth Century Fox Home Entertainment, Inc. _961951 |
|
| 942 |
_cDVD _0318 |
||
| 994 |
_aC0 _bUINTA |
||
| 998 | _aa132536 | ||
| 999 |
_c67860 _d67860 |
||